BASIC SYSTEMS ANALYSIS (Record no. 127542)

MARC details
000 -LEADER
fixed length control field 00323pam a2200133 a 4500
020 ## - INTERNATIONAL STANDARD BOOK NUMBER
Terms of availability
041 ## - LANGUAGE CODE
Language code of original
082 ## - DEWEY DECIMAL CLASSIFICATION NUMBER
Classification number 004.2
Item number DAN/YEA
100 ## - MAIN ENTRY--PERSONAL NAME
Personal name DANIELS A.,YEATES D.,
245 ## - TITLE STATEMENT
Title BASIC SYSTEMS ANALYSIS
Medium Textual Documents
260 ## - PUBLICATION, DISTRIBUTION, ETC.
Place of publication, distribution, etc. NEW DELHI
Name of publisher, distributor, etc. GALGOTIA PUBLICATIONS LTD
Date of publication, distribution, etc. 1991
300 ## - PHYSICAL DESCRIPTION
Extent VIII+289
930 ## - EQUIVALENCE OR CROSS-REFERENCE-UNIFORM TITLE HEADING [LOCAL, CANADA]
Uniform title 8086
Holdings
Withdrawn status Lost status Damaged status Not for loan Collection Home library Current library Date acquired Total Checkouts Full call number Barcode Date last seen Copy number Price effective from Koha item type
          Institute of Management & Entrepreneurship Development, Pune Institute of Management & Entrepreneurship Development, Pune 18/04/2011   004.2 DAN/YEA IMP-IM-6348 01/03/2023 1 01/03/2023 Book